[Event "II Open"]
[Site "Bolzano - Bozen ITA"]
[Date "2007.05.28"]
[Round "7"]
[White "Spornberger, Maximilian"]
[Black "Wieser, Josef"]
[Result "1-0"]
[WhiteElo "1707"]
[BlackElo "1605"]
[PlyCount "65"]
[EventDate "2007.05.25"]

1. Nf3 Nc6 2. g3 e5 3. d3 d5 4. Bg2 Nf6 5. O-O Bc5 6. c4 d4 7. Nbd2 O-O 8. a3
a5 9. Ng5 h6 10. Nge4 Ba7 11. Qb3 Be6 12. Qxb7 Qd7 13. Nxf6+ gxf6 14. Qxc6 Qe7
15. Qf3 f5 16. Qh5 Kh7 17. Bxa8 Rxa8 18. Nf3 Qf6 19. Bg5 Qg7 20. Bd2 Bb6 21.
Nxe5 Qxe5 22. Qxh6+ Kg8 23. Bg5 Qg7 24. Qh4 Re8 25. Bf6 Qh7 26. b4 axb4 27.
axb4 c5 28. Ra6 Rb8 29. Rb1 Bc7 30. b5 Bc8 31. Rc6 Bb6 32. Qf4 Ba7 33. Ra1 1-0

[Event "II Open"]
[Site "Bolzano - Bozen ITA"]
[Date "2007.05.28"]
[Round "7"]
[White "Stivaletta, Andrea"]
[Black "Pretto, Aldo"]
[Result "1-0"]
[WhiteElo "1739"]
[BlackElo "1491"]
[PlyCount "47"]
[EventDate "2007.05.25"]

1. e4 e5 2. Nf3 Nf6 3. Nc3 Nc6 4. Bc4 Bc5 5. d3 h6 6. O-O O-O 7. Be3 Bb6 8. Nd5
d6 9. Nxb6 axb6 10. a3 Bg4 11. h3 Bh5 12. Kh2 Qd7 13. Rg1 Na5 14. Ba2 c5 15.
Qd2 Nh7 16. Bxh6 Kh8 17. Be3 Qe7 18. g4 Bg6 19. h4 f6 20. Rg3 b5 21. h5 Be8 22.
Nh4 c4 23. Rh3 Rg8 24. Ng6+ 1-0

[Event "II Festival A2"]
[Site "Senigallia ITA"]
[Date "2007.05.28"]
[Round "1"]
[White "Mandolini, Riccardo"]
[Black "Crea, Vincenzo"]
[Result "1-0"]
[WhiteElo "1850"]
[BlackElo "2073"]
[PlyCount "55"]
[EventDate "2007.05.28"]

1. Nc3 d5 2. e4 c6 3. Nf3 e6 4. d4 Nf6 5. e5 Nfd7 6. Ng5 Be7 7. Qh5 Bxg5 8.
Bxg5 Qb6 9. O-O-O a6 10. Bd3 c5 11. Nxd5 Qa5 12. Ne7 Nc6 13. Nxc6 bxc6 14. Bc4
Nf8 15. dxc5 Bd7 16. Be3 Qb4 17. Rd4 Rb8 18. Bb3 Qb5 19. Rhd1 Qb7 20. Bd2 Qa7
21. Be3 Qb7 22. f4 g6 23. Qh6 Rg8 24. Bf2 Qb5 25. R4d2 a5 26. a4 Qb4 27. Bh4
Rb7 28. Qg5 1-0

[Event "II Festival A2"]
[Site "Senigallia ITA"]
[Date "2007.05.29"]
[Round "2"]
[White "Crea, Vincenzo"]
[Black "Ludovici, Roberto"]
[Result "1-0"]
[WhiteElo "2073"]
[BlackElo "1856"]
[PlyCount "61"]
[EventDate "2007.05.28"]

1. d4 d5 2. Nf3 Nf6 3. Bf4 e6 4. e3 c5 5. c3 Nc6 6. Nbd2 h6 7. h3 Bd6 8. Ne5
cxd4 9. exd4 O-O 10. Bd3 Qc7 11. Qe2 b6 12. O-O Bb7 13. Bg3 Ne8 14. Rae1 Nxe5
15. dxe5 Be7 16. Nb3 Qd8 17. Nd4 Nc7 18. f4 Bh4 19. Rf3 a5 20. Bb1 g6 21. Qf2
Be7 22. Kh2 Bc5 23. Bh4 Be7 24. Bxe7 Qxe7 25. g4 Kh8 26. f5 exf5 27. gxf5 gxf5
28. Rxf5 Ne8 29. Qf4 Ng7 30. Qxh6+ Kg8 31. Rf6 1-0

[Event "II Festival A2"]
[Site "Senigallia ITA"]
[Date "2007.05.30"]
[Round "3"]
[White "Simic, Milan A."]
[Black "Faini, Marco"]
[Result "0-1"]
[WhiteElo "2176"]
[BlackElo "1851"]
[PlyCount "106"]
[EventDate "2007.05.28"]

1. d4 Nf6 2. c4 e6 3. Nc3 b6 4. e4 d6 5. Nf3 Bb7 6. Bd3 Be7 7. O-O O-O 8. Re1
Nbd7 9. Bf4 a6 10. Bc2 Re8 11. e5 dxe5 12. dxe5 Nh5 13. Bd2 g6 14. Qe2 Ng7 15.
Rad1 c5 16. Be4 Bxe4 17. Nxe4 Qc7 18. Bc3 Red8 19. g4 Ne8 20. Qe3 Bf8 21. h4
Bg7 22. Neg5 Nf8 23. Qf4 h6 24. Ne4 Rxd1 25. Rxd1 Rd8 26. Nd6 Rd7 27. Rd3 Qd8
28. Nxf7 Qe7 29. Rxd7 Qxd7 30. Nxh6+ Kh7 31. g5 Bxh6 32. gxh6 Qe7 33. Ng5+ Kg8
34. Ne4 Kh7 35. Nf6+ Nxf6 36. exf6 Qf7 37. h5 gxh5 38. Qe4+ Qg6+ 39. Qxg6+ Kxg6
40. b4 Kxh6 41. a4 cxb4 42. Bxb4 Nd7 43. Bc3 Kg6 44. Bd4 a5 45. Kg2 Nc5 46. Kf3
Nxa4 47. Kf4 Nc5 48. Ke5 Kf7 49. Kd6 a4 50. Kc6 a3 51. Kxb6 Nb3 52. Be5 a2 53.
Kb5 h4 0-1

[Event "II Festival A2"]
[Site "Senigallia ITA"]
[Date "2007.05.30"]
[Round "3"]
[White "Visigalli, Cesare"]
[Black "Marini, Lucio"]
[Result "1-0"]
[WhiteElo "1709"]
[BlackElo "1861"]
[PlyCount "55"]
[EventDate "2007.05.28"]

1. e4 c6 2. d4 d5 3. Nc3 dxe4 4. Nxe4 Bf5 5. Ng3 Bg6 6. h4 h6 7. h5 Bh7 8. Nf3
e6 9. Bd3 Bxd3 10. Qxd3 Nd7 11. Bf4 Ngf6 12. O-O-O Be7 13. Ne4 O-O 14. c4 Nxe4
15. Qxe4 Qa5 16. Kb1 b5 17. c5 Rfc8 18. Ne5 Nf6 19. Qe2 Nd5 20. Bd2 Qa4 21.
Rhe1 Rab8 22. Qe4 Nf6 23. Qf3 b4 24. g4 Qa6 25. g5 hxg5 26. Bxg5 Qb7 27. Rg1 b3
28. a3 1-0

[Event "II Festival A2"]
[Site "Senigallia ITA"]
[Date "2007.05.31"]
[Round "4"]
[White "Danut, Radu"]
[Black "Tocco, Paolo"]
[Result "1-0"]
[WhiteElo "2094"]
[BlackElo "2160"]
[PlyCount "61"]
[EventDate "2007.05.28"]

1. e4 e5 2. Nf3 Nc6 3. Bc4 f5 4. d4 exd4 5. e5 Bb4+ 6. c3 d5 7. exd6 dxc3 8.
bxc3 Bxd6 9. O-O Nf6 10. Re1+ Kf8 11. Bg5 Bd7 12. Nbd2 h6 13. Nh4 Be8 14. Rxe8+
Qxe8 15. Bxf6 gxf6 16. Nxf5 Rd8 17. Qg4 Rd7 18. Nh4 Rg7 19. Qf5 Be5 20. Ne4 Ne7
21. Qf3 Qc6 22. Bb3 a5 23. Rd1 Ke8 24. Qh5+ Ng6 25. Nxg6 Qxe4 26. Nxe5+ Kf8 27.
Rd8+ Ke7 28. Rd7+ Kf8 29. Rf7+ Ke8 30. Rxg7+ Kd8 31. Qd1+ 1-0

[Event "II Festival A2"]
[Site "Senigallia ITA"]
[Date "2007.05.31"]
[Round "4"]
[White "Dimitrijevic, Dragan"]
[Black "Mandolini, Riccardo"]
[Result "0-1"]
[WhiteElo "2041"]
[BlackElo "1850"]
[PlyCount "80"]
[EventDate "2007.05.28"]

1. Nf3 c5 2. c4 Nc6 3. g3 Nf6 4. Nc3 d6 5. d4 cxd4 6. Nxd4 Bd7 7. Bg2 g6 8. O-O
Bg7 9. b3 O-O 10. Nc2 Qc8 11. Re1 Bh3 12. Bh1 Ng4 13. Bb2 Qf5 14. Bf3 Nce5 15.
Nd5 Rae8 16. Nd4 Qh5 17. Nf4 Qh6 18. Bxb7 Nxh2 19. Bc1 g5 20. Nxh3 Qxh3 21.
Bxg5 Neg4 22. Bg2 Qh5 23. Bh4 Nxf2 24. Kxh2 Ng4+ 25. Kg1 Qc5 26. e3 Nxe3 27.
Rxe3 Bxd4 28. Qxd4 Qxd4 29. Rae1 f5 30. Bc6 f4 31. gxf4 e5 32. Bf2 Qxf4 33. Rf3
Qd2 34. Rg3+ Kh8 35. Rf1 Re7 36. a4 Ref7 37. Rg2 Rf4 38. Bd5 h5 39. Be6 e4 40.
Rh2 Kg7 0-1

[Event "II Festival A2"]
[Site "Senigallia ITA"]
[Date "2007.06.01"]
[Round "5"]
[White "Borgiani, Flavio"]
[Black "Danut, Radu"]
[Result "1/2-1/2"]
[WhiteElo "2164"]
[BlackElo "2094"]
[PlyCount "69"]
[EventDate "2007.05.28"]

1. c4 Nf6 2. Nc3 g6 3. Nf3 c5 4. d4 cxd4 5. Nxd4 Bg7 6. Nc2 b6 7. e4 Bb7 8. Bd3
d6 9. O-O O-O 10. b4 Nbd7 11. f4 Rc8 12. a4 e6 13. a5 d5 14. e5 Ne4 15. Bxe4
dxe4 16. Qd4 Nxe5 17. fxe5 Qxd4+ 18. Nxd4 Bxe5 19. Be3 Rxc4 20. Nce2 Rxb4 21.
axb6 axb6 22. Rab1 Rxb1 23. Rxb1 Bd5 24. Rxb6 Rb8 25. Rxb8+ Bxb8 26. Nc3 f5 27.
g3 Kg7 28. Kf2 Kf6 29. h4 Kg7 30. Nxd5 exd5 31. Bf4 Bxf4 32. gxf4 h6 33. h5
gxh5 34. Nxf5+ Kf6 35. Nxh6 1/2-1/2

[Event "II Festival A1"]
[Site "Senigallia ITA"]
[Date "2007.05.28"]
[Round "1"]
[White "Brancaleoni, Maurizio"]
[Black "Drazic, Sinisa"]
[Result "0-1"]
[WhiteElo "2263"]
[BlackElo "2467"]
[PlyCount "54"]
[EventDate "2007.05.28"]

1. d4 d5 2. c4 dxc4 3. Nf3 Nf6 4. e3 Be6 5. Na3 c5 6. Bxc4 Bxc4 7. Nxc4 e6 8.
dxc5 Qxd1+ 9. Kxd1 Bxc5 10. Ke2 Nc6 11. Bd2 Ne4 12. Rhc1 Nxd2 13. Nfxd2 Be7 14.
Nb3 a5 15. Nb6 Ra6 16. Na4 O-O 17. Nbc5 Bxc5 18. Nxc5 Rb6 19. b3 Rc8 20. a3 h6
21. Rc3 Ne7 22. e4 Nc6 23. Rac1 Nd4+ 24. Ke1 Rbc6 25. b4 Nb5 26. Rb3 axb4 27.
axb4 b6 0-1

[Event "II Festival A1"]
[Site "Senigallia ITA"]
[Date "2007.05.29"]
[Round "2"]
[White "Beccaris, Gabriele"]
[Black "Brancaleoni, Maurizio"]
[Result "0-1"]
[WhiteElo "2046"]
[BlackElo "2263"]
[PlyCount "86"]
[EventDate "2007.05.28"]

1. e4 e6 2. d4 d5 3. exd5 exd5 4. Nf3 Nf6 5. Bg5 Qe7+ 6. Qe2 Qxe2+ 7. Bxe2 Ne4
8. Bf4 c6 9. O-O Be7 10. Nbd2 Nxd2 11. Bxd2 f6 12. Bd3 Kf7 13. Bf4 Be6 14. Rfe1
Nd7 15. h3 Nb6 16. Re2 Rae8 17. Rae1 Bd7 18. c3 Na4 19. c4 Nb6 20. c5 Nc8 21.
b4 g6 22. Bh6 Bd8 23. Bf4 Rxe2 24. Rxe2 Re8 25. Rxe8 Bxe8 26. g4 g5 27. Bb8 h6
28. Nd2 a5 29. a3 a4 30. Nf1 b5 31. Ne3 Ne7 32. Bd6 Bd7 33. Bxe7 Bxe7 34. Bf5
Be8 35. Bc8 Kf8 36. Nf5 h5 37. Kg2 hxg4 38. hxg4 Bd8 39. Nd6 Bc7 40. Nb7 Bf4
41. Nd6 Bc1 42. Kf3 Bxa3 43. Ke3 Bc1+ 0-1

[Event "II Festival A1"]
[Site "Senigallia ITA"]
[Date "2007.05.29"]
[Round "2"]
[White "Efimov, Igor"]
[Black "Fronzi, Ettore"]
[Result "1-0"]
[WhiteElo "2433"]
[BlackElo "2007"]
[PlyCount "91"]
[EventDate "2007.05.28"]

1. d4 e6 2. e4 d5 3. Nc3 dxe4 4. Nxe4 Nd7 5. Nf3 Ngf6 6. Nxf6+ Nxf6 7. c3 Be7
8. Bd3 O-O 9. Bf4 b6 10. h4 Bb7 11. Qe2 c5 12. dxc5 bxc5 13. Ne5 Qd5 14. a3
Rad8 15. O-O-O Qb3 16. Bg5 h6 17. Bc4 Qa4 18. Bb5 Qe4 19. Qxe4 Bxe4 20. Bxf6
Rxd1+ 21. Rxd1 Bxf6 22. Nd7 Rc8 23. Nxf6+ gxf6 24. f3 Bc6 25. Bxc6 Rxc6 26. Rd7
a6 27. b3 c4 28. b4 f5 29. a4 Kf8 30. a5 Ke8 31. Rb7 e5 32. h5 e4 33. Kd2 Rd6+
34. Ke2 Rd3 35. b5 axb5 36. a6 Rxc3 37. a7 Ra3 38. Rb8+ Kd7 39. a8=Q Rxa8 40.
Rxa8 Kc6 41. fxe4 fxe4 42. Ra6+ Kc5 43. Rxh6 c3 44. Rh8 Kc4 45. Rc8+ Kb3 46. h6
1-0

[Event "II Festival A1"]
[Site "Senigallia ITA"]
[Date "2007.05.29"]
[Round "3"]
[White "De Santis, Alessio"]
[Black "Efimov, Igor"]
[Result "0-1"]
[WhiteElo "2321"]
[BlackElo "2433"]
[PlyCount "56"]
[EventDate "2007.05.28"]

1. d4 d6 2. e4 Nf6 3. Nd2 c5 4. d5 g6 5. Be2 Bg7 6. h4 O-O 7. h5 e6 8. dxe6
Bxe6 9. hxg6 hxg6 10. Nh3 Nc6 11. Ng5 d5 12. Nxe6 fxe6 13. c3 Qe7 14. Qc2 Rad8
15. e5 Nxe5 16. Nf3 Ne4 17. Nxe5 Bxe5 18. Bf3 Qf6 19. Be3 Nxc3 20. Rh6 Ne4 21.
Bxe4 dxe4 22. Qxe4 Kg7 23. Ke2 Bf4 24. Rah1 Qxb2+ 25. Ke1 Qc3+ 26. Ke2 Rd2+ 27.
Bxd2 Qxd2+ 28. Kf1 Qd1+ 0-1

[Event "II Festival A1"]
[Site "Senigallia ITA"]
[Date "2007.05.29"]
[Round "3"]
[White "Heinzel, Olaf"]
[Black "Samaritani, Fabio"]
[Result "1-0"]
[WhiteElo "2403"]
[BlackElo "2266"]
[PlyCount "71"]
[EventDate "2007.05.28"]

1. d4 Nf6 2. Nf3 g6 3. g3 Bg7 4. Bg2 O-O 5. O-O d5 6. Nbd2 c6 7. b3 Nbd7 8. Bb2
b6 9. c4 Bb7 10. Qc2 Rc8 11. e4 dxe4 12. Nxe4 Nxe4 13. Qxe4 e6 14. Rad1 Qc7 15.
Qb1 Rfd8 16. Bc1 Qb8 17. Bg5 Re8 18. Bf4 Qa8 19. Ng5 Nf6 20. c5 Nd5 21. Qc1 Bf8
22. Ne4 Rcd8 23. Bd6 Bg7 24. Rfe1 Rd7 25. a3 Qd8 26. h4 h6 27. Be5 f6 28. Bd6
f5 29. Nc3 Rxd6 30. cxd6 Qxd6 31. Nxd5 cxd5 32. Re2 Rc8 33. Rc2 Rxc2 34. Qxc2
Qxa3 35. Qc7 Qxb3 36. Ra1 1-0

[Event "II Festival A1"]
[Site "Senigallia ITA"]
[Date "2007.05.29"]
[Round "3"]
[White "Okhotnik, Vladimir"]
[Black "Todorov, Todor"]
[Result "0-1"]
[WhiteElo "2484"]
[BlackElo "2499"]
[PlyCount "61"]
[EventDate "2007.05.28"]

1. d4 g6 2. e4 Bg7 3. Nc3 c6 4. f4 d5 5. e5 Nh6 6. Nf3 Bg4 7. Be3 f6 8. h3 Bxf3
9. Qxf3 O-O 10. e6 Qd6 11. O-O-O Qxe6 12. g4 f5 13. g5 Nf7 14. h4 Nd6 15. h5
Nd7 16. Kb1 Nb6 17. Bc1 Rad8 18. Qh3 Kf7 19. b3 Qd7 20. Rh2 e6 21. Ba3 Rfe8 22.
Ne2 Ne4 23. Nc1 Qc7 24. Nd3 Nc3+ 25. Kc1 Nxd1 26. Ne5+ Bxe5 27. hxg6+ hxg6 28.
Qh7+ Bg7 29. Rh6 Qxf4+ 30. Kb1 Qxg5 31. Bc1 0-1

[Event "II Festival A1"]
[Site "Senigallia ITA"]
[Date "2007.05.29"]
[Round "3"]
[White "Skembris, Spyridon"]
[Black "Drazic, Sinisa"]
[Result "1/2-1/2"]
[WhiteElo "2460"]
[BlackElo "2467"]
[PlyCount "42"]
[EventDate "2007.05.28"]

1. e4 c5 2. Nf3 Nc6 3. Bb5 d6 4. O-O Bg4 5. h3 Bh5 6. Re1 Rc8 7. c4 e5 8. Nc3
a6 9. Ba4 Be7 10. d3 Nf6 11. Nd5 O-O 12. Bxc6 bxc6 13. Nxe7+ Qxe7 14. g4 Bg6
15. Bg5 Rb8 16. b3 Qe6 17. Nh4 Nd7 18. Nf5 f6 19. Bd2 Rb7 20. Kg2 Ra8 21. Ba5
Nf8 1/2-1/2

[Event "II Festival A1"]
[Site "Senigallia ITA"]
[Date "2007.05.30"]
[Round "4"]
[White "Rago, Riccardo"]
[Black "De Santis, Alessio"]
[Result "1/2-1/2"]
[WhiteElo "2062"]
[BlackElo "2321"]
[PlyCount "30"]
[EventDate "2007.05.28"]

1. e4 c5 2. Nf3 e6 3. d4 cxd4 4. Nxd4 Nf6 5. Bd3 Qb6 6. Nb3 Nc6 7. Be3 Qc7 8.
Nc3 a6 9. Na4 h5 10. h3 Rb8 11. Bb6 Qe5 12. Qe2 d5 13. exd5 Qxe2+ 14. Bxe2 Nxd5
15. O-O-O Nxb6 1/2-1/2

[Event "II Festival A1"]
[Site "Senigallia ITA"]
[Date "2007.05.31"]
[Round "5"]
[White "De Santis, Alessio"]
[Black "Skembris, Spyridon"]
[Result "1-0"]
[WhiteElo "2321"]
[BlackElo "2460"]
[PlyCount "119"]
[EventDate "2007.05.28"]

1. d4 Nf6 2. c4 e6 3. Nc3 Bb4 4. Qc2 O-O 5. a3 Bxc3+ 6. Qxc3 b6 7. Bg5 Bb7 8.
h4 d6 9. f3 Nbd7 10. e4 e5 11. d5 Rc8 12. b4 c6 13. Qd2 h6 14. Be3 Nh5 15. Ne2
cxd5 16. cxd5 Ba6 17. Rh3 Qf6 18. Ng3 Nxg3 19. Bxa6 Nh5 20. Bxc8 Rxc8 21. Rc1
Rxc1+ 22. Qxc1 Nf4 23. Qc8+ Nf8 24. Rh2 a5 25. bxa5 bxa5 26. Kd2 Qe7 27. h5 Qg5
28. g4 Qf6 29. Qe8 g6 30. hxg6 N4xg6 31. Rh5 Qxf3 32. Rf5 Qxe4 33. Qxf7+ Kh8
34. Qf6+ Kg8 35. Qf7+ Kh8 36. Bxh6 Qd4+ 37. Ke1 Qe4+ 38. Kf2 Qd4+ 39. Kf1 Qd1+
40. Kf2 Qd4+ 41. Be3 Qxg4 42. Qf6+ Kg8 43. Qf7+ Kh8 44. Rg5 Qh4+ 45. Rg3 Qh2+
46. Rg2 Qh4+ 47. Kf1 Qh1+ 48. Bg1 Qh3 49. Be3 Qh1+ 50. Kf2 Qh4+ 51. Ke2 Qc4+
52. Ke1 Qh4+ 53. Kd2 Qh1 54. Qf6+ Kh7 55. Qf7+ Kh8 56. Rf2 a4 57. Bg5 Nh7 58.
Qe8+ Ngf8 59. Rxf8+ Nxf8 60. Qxf8+ 1-0

[Event "II Festival A1"]
[Site "Senigallia ITA"]
[Date "2007.05.31"]
[Round "5"]
[White "Van Hoolandt, Patrick"]
[Black "Cattafi, Giuseppe"]
[Result "1-0"]
[WhiteElo "2205"]
[BlackElo "2061"]
[PlyCount "47"]
[EventDate "2007.05.28"]

1. d4 d5 2. c4 c6 3. cxd5 cxd5 4. Nf3 Nc6 5. Nc3 Nf6 6. Bf4 a6 7. Rc1 e6 8. e3
Be7 9. Bd3 h6 10. O-O Bd7 11. Ne5 Rc8 12. Bg3 Na5 13. Qe2 O-O 14. f4 b5 15. Bh4
Ne4 16. Bxe7 Nxc3 17. Bxd8 Nxe2+ 18. Bxe2 Rfxd8 19. Nxd7 Rxc1 20. Rxc1 Rxd7 21.
Rc8+ Kh7 22. Ra8 Nc4 23. Rxa6 Nxb2 24. Bxb5 1-0

[Event "II Festival A1"]
[Site "Senigallia ITA"]
[Date "2007.05.31"]
[Round "6"]
[White "Okhotnik, Vladimir"]
[Black "Van Hoolandt, Patrick"]
[Result "1/2-1/2"]
[WhiteElo "2484"]
[BlackElo "2205"]
[PlyCount "126"]
[EventDate "2007.05.28"]

1. c4 Nf6 2. Nc3 e5 3. e3 Nc6 4. d4 Bb4 5. Nf3 d6 6. dxe5 Bxc3+ 7. bxc3 Nxe5 8.
Nxe5 dxe5 9. Qxd8+ Kxd8 10. Ba3 Bd7 11. Bd3 Bc6 12. O-O-O Ke8 13. f3 h5 14. h4
e4 15. Be2 Rh6 16. Rhf1 b6 17. Rd4 Rd8 18. fxe4 Rxd4 19. exd4 Bxe4 20. Re1 Kd8
21. Bf3 Bxf3 22. gxf3 Nd7 23. Rg1 g6 24. Re1 c5 25. Kc2 Rh8 26. Kd3 Rf8 27. Bc1
Rg8 28. Bf4 f6 29. Bd2 Rg7 30. Ke4 g5 31. Rh1 g4 32. Rf1 gxf3 33. Rxf3 Rg4+ 34.
Rf4 Rg2 35. Be3 Rg3 36. a4 Ke7 37. Bd2 Rg2 38. Kd3 Rg3+ 39. Kc2 Rh3 40. Be1 Rh1
41. Re4+ Kd8 42. Bg3 Rg1 43. Re3 Ra1 44. Re4 Ra2+ 45. Kb3 Rg2 46. Re3 Rd2 47.
Be1 cxd4 48. Bxd2 dxe3 49. Bxe3 Kc7 50. a5 Kc6 51. axb6 axb6 52. Kc2 Ne5 53.
Bd4 Nxc4 54. Bxf6 Kd5 55. Kd3 b5 56. Kc2 Ne3+ 57. Kb3 Kc6 58. Bd4 Nd5 59. Kc2
Nf4 60. Kd2 Kd5 61. Bf6 Kc4 62. Be5 Ng2 63. Bg3 Nxh4 1/2-1/2

[Event "II Festival A1"]
[Site "Senigallia ITA"]
[Date "2007.05.31"]
[Round "6"]
[White "Rago, Riccardo"]
[Black "Beccaris, Gabriele"]
[Result "0-1"]
[WhiteElo "2062"]
[BlackElo "2046"]
[PlyCount "104"]
[EventDate "2007.05.28"]

1. e4 c5 2. Nf3 a6 3. d4 cxd4 4. Nxd4 Nf6 5. Nc3 e5 6. Nb3 Bb4 7. Bd3 d5 8.
exd5 Qxd5 9. O-O Bxc3 10. bxc3 O-O 11. Ba3 Re8 12. Re1 e4 13. Bxe4 Qxd1 14.
Raxd1 Nxe4 15. Rxe4 Be6 16. Nd4 Nc6 17. Rde1 Nd8 18. f4 b6 19. Nxe6 Rxe6 20.
Kf2 Rc8 21. f5 Rxe4 22. Rxe4 Nc6 23. Bd6 f6 24. Ke2 Kf7 25. g4 g6 26. Rc4 gxf5
27. gxf5 b5 28. Rh4 Kg7 29. Rg4+ Kf7 30. Rh4 Kg7 31. a4 Na5 32. axb5 axb5 33.
Bb4 Nc4 34. Re4 Rd8 35. Re7+ Kg8 36. Kf3 Rd2 37. h3 Rxc2 38. Rb7 Ne5+ 39. Ke4
Rh2 40. Kd5 Rxh3 41. Ke6 Nc6 42. Kxf6 Rh6+ 43. Kg5 Rh1 44. Rxb5 h5 45. Rb6 Ne5
46. Rb7 h4 47. Re7 Nc6 48. Re8+ Kh7 49. Re4 h3 50. Rh4+ Kg8 51. Bd6 Rd1 52. Be5
Nxe5 0-1

[Event "II Festival A1"]
[Site "Senigallia ITA"]
[Date "2007.06.01"]
[Round "7"]
[White "Beccaris, Gabriele"]
[Black "Heinzel, Olaf"]
[Result "0-1"]
[WhiteElo "2046"]
[BlackElo "2403"]
[PlyCount "64"]
[EventDate "2007.05.28"]

1. e4 d5 2. exd5 Qxd5 3. Nc3 Qa5 4. d4 Nf6 5. Nf3 c6 6. Be2 Bf5 7. O-O Nbd7 8.
Re1 e6 9. Bd3 Bg4 10. h3 Bh5 11. Bd2 Qc7 12. Ne4 Nxe4 13. Bxe4 Nf6 14. Bd3
O-O-O 15. c3 Bd6 16. b4 Rhe8 17. a4 Nd5 18. Rb1 Bf4 19. g4 Bg6 20. Qc2 Bxd2 21.
Nxd2 Nf4 22. Be4 Nxh3+ 23. Kg2 Nf4+ 24. Kg1 h5 25. Bxg6 Nxg6 26. Qe4 hxg4 27.
Qxg4 Rh8 28. Nf3 Rd5 29. Qg3 Rdh5 30. Qxc7+ Kxc7 31. Ne5 Nf4 32. f3 Rh2 0-1

[Event "II Festival A1"]
[Site "Senigallia ITA"]
[Date "2007.06.01"]
[Round "7"]
[White "Geenen, Marc"]
[Black "Efimov, Igor"]
[Result "0-1"]
[WhiteElo "2317"]
[BlackElo "2433"]
[PlyCount "50"]
[EventDate "2007.05.28"]

1. e4 c5 2. Nf3 Nc6 3. d4 cxd4 4. Nxd4 d6 5. Nc3 Nf6 6. Be3 a6 7. Be2 e5 8. Nb3
Be7 9. g4 Be6 10. g5 Nd7 11. Bg4 a5 12. Bxe6 fxe6 13. a4 Nb4 14. Nb5 O-O 15.
Rg1 d5 16. c3 d4 17. Bc1 dxc3 18. bxc3 Nc5 19. Nxc5 Bxc5 20. cxb4 Bxf2+ 21. Ke2
Bxg1 22. Qxg1 Qe8 23. Be3 Qh5+ 24. Kd2 Rad8+ 25. Kc3 Qe2 0-1

[Event "II Festival A1"]
[Site "Senigallia ITA"]
[Date "2007.06.02"]
[Round "8"]
[White "Aleksic, Nenad"]
[Black "Fronzi, Ettore"]
[Result "1-0"]
[WhiteElo "2378"]
[BlackElo "2007"]
[PlyCount "45"]
[EventDate "2007.05.28"]

1. e4 e6 2. Nf3 d5 3. Nc3 dxe4 4. Nxe4 Nd7 5. d4 Ngf6 6. Nxf6+ Nxf6 7. Bd3 Be7
8. Qe2 O-O 9. Bg5 Rb8 10. h4 b6 11. O-O-O Bb7 12. Kb1 Qe8 13. Ne5 Ra8 14. c3 a5
15. Rh3 Ra7 16. Rg3 Kh8 17. Bc2 Ba6 18. c4 b5 19. Bxf6 Bxf6 20. Bxh7 Kxh7 21.
Qh5+ Kg8 22. Ng4 Bg5 23. hxg5 1-0

[Event "II Festival A1"]
[Site "Senigallia ITA"]
[Date "2007.06.02"]
[Round "8"]
[White "Samaritani, Fabio"]
[Black "Drazic, Sinisa"]
[Result "0-1"]
[WhiteElo "2266"]
[BlackElo "2467"]
[PlyCount "53"]
[EventDate "2007.05.28"]

1. e4 e5 2. Nf3 Nc6 3. Bb5 Nge7 4. c3 d6 5. d4 Bd7 6. O-O Ng6 7. Re1 Be7 8. Bf1
h6 9. Nbd2 Bg5 10. g3 O-O 11. h4 Bxd2 12. Bxd2 Bg4 13. d5 Nce7 14. Be2 f5 15.
Nh2 Bxe2 16. Qxe2 Qd7 17. h5 Nh8 18. Kg2 fxe4 19. Qxe4 Qb5 20. c4 Qxb2 21. Nf1
Qa3 22. Ne3 Qa4 23. Rab1 b6 24. f4 exf4 25. Qe6+ Rf7 26. gxf4 Qxa2 27. Nf1 0-1

[Event "VI Festival A"]
[Site "Savigliano ITA"]
[Date "2007.05.31"]
[Round "1"]
[White "Abbura', Davide"]
[Black "Gallucci, Alessio"]
[Result "0-1"]
[WhiteElo "1683"]
[BlackElo "1994"]
[PlyCount "44"]
[EventDate "2007.05.31"]

1. e4 c5 2. Nc3 d6 3. d3 Nc6 4. g3 g6 5. Nge2 Bg7 6. Bg2 e6 7. O-O Nge7 8. Be3
Nd4 9. Qd2 O-O 10. Rab1 Nec6 11. a3 Qa5 12. f4 Rb8 13. g4 f5 14. exf5 exf5 15.
Bd5+ Kh8 16. g5 Re8 17. Rbc1 Nxe2+ 18. Qxe2 Rxe3 19. Qxe3 Bd4 20. Rce1 Bd7 21.
Kg2 Bxe3 22. Rxe3 Re8 0-1

[Event "VI Festival A"]
[Site "Savigliano ITA"]
[Date "2007.05.31"]
[Round "1"]
[White "Aghayev, Miragha"]
[Black "Peric, Slavisa"]
[Result "1-0"]
[WhiteElo "1923"]
[BlackElo "2289"]
[PlyCount "119"]
[EventDate "2007.05.31"]

1. e4 e6 2. d4 d5 3. Nd2 dxe4 4. Nxe4 Bd7 5. Nf3 Bc6 6. Bd3 Nd7 7. O-O Ngf6 8.
Re1 Nxe4 9. Bxe4 Bxe4 10. Rxe4 Nf6 11. Re1 c5 12. c3 cxd4 13. Qa4+ Qd7 14.
Qxd7+ Nxd7 15. Nxd4 Bc5 16. Nb3 Bb6 17. Be3 O-O 18. Rad1 Rfd8 19. Bxb6 Nxb6 20.
Nc5 Nd5 21. c4 Nf6 22. Rxd8+ Rxd8 23. Nxb7 Rd2 24. Rb1 Ng4 25. Na5 Rc2 26. Nc6
Nxf2 27. Nxa7 Ng4 28. b4 Rxa2 29. Nc6 Ne3 30. b5 Nxc4 31. b6 Nxb6 32. Rxb6 f6
33. Rb7 Rd2 34. Na5 h5 35. Nb3 Rd5 36. Kf2 g5 37. Nc1 f5 38. Ne2 h4 39. h3 e5
40. Kf3 Rd3+ 41. Kf2 g4 42. hxg4 fxg4 43. Rb4 g3+ 44. Ke1 h3 45. gxh3 Kf7 46.
Rg4 g2 47. h4 Kf6 48. Kf2 Kf5 49. Rg5+ Kf6 50. Kxg2 e4 51. Ng3 Rd4 52. Rg4 Ke5
53. h5 Rd2+ 54. Kh3 e3 55. Re4+ Kf6 56. Rxe3 Rd4 57. Re4 Rd5 58. Rg4 Rd8 59.
Kh4 Rd2 60. Ne4+ 1-0

[Event "VI Festival A"]
[Site "Savigliano ITA"]
[Date "2007.05.31"]
[Round "1"]
[White "Angioni, Gian Carlo"]
[Black "Ariaudo, Claudio"]
[Result "1/2-1/2"]
[WhiteElo "1805"]
[BlackElo "2025"]
[PlyCount "61"]
[EventDate "2007.05.31"]

1. e4 e6 2. d4 d5 3. Nc3 Nf6 4. e5 Nfd7 5. f4 c5 6. Nf3 Nc6 7. Ne2 Qb6 8. c3
Be7 9. a3 a5 10. g3 O-O 11. Bh3 cxd4 12. cxd4 Re8 13. O-O Nf8 14. Nc3 f6 15.
Rf2 f5 16. Be3 Bd7 17. Kh1 Rec8 18. g4 fxg4 19. Bxg4 Qd8 20. Qd3 Qe8 21. f5 Rd8
22. Rg1 exf5 23. Bxf5 Bxf5 24. Qxf5 Ng6 25. Rg4 Qf7 26. Qxf7+ Kxf7 27. Ng5+ Kg8
28. Ne6 Rd7 29. Rg1 Nd8 30. Nxd8 Raxd8 31. Rgf1 1/2-1/2

[Event "VI Festival A"]
[Site "Savigliano ITA"]
[Date "2007.05.31"]
[Round "1"]
[White "Araniti, Michelangelo"]
[Black "Barletta, Mauro"]
[Result "0-1"]
[WhiteElo "1869"]
[BlackElo "2253"]
[PlyCount "42"]
[EventDate "2007.05.31"]

1. Nf3 d5 2. d4 Nf6 3. Bf4 e6 4. e3 c5 5. Bb5+ Nc6 6. O-O Qb6 7. Nc3 Be7 8. Ne5
O-O 9. Rb1 cxd4 10. Bxc6 dxc3 11. bxc3 Qc7 12. Bxb7 Bxb7 13. Nxf7 Qc8 14. Nd6
Bxd6 15. Bxd6 Rf7 16. Qd4 Ne4 17. Be5 Ba6 18. f3 Bxf1 19. fxe4 Qc4 20. Qxc4
Bxc4 21. a3 Raf8 0-1

[Event "VI Festival A"]
[Site "Savigliano ITA"]
[Date "2007.05.31"]
[Round "1"]
[White "Biancotti, Alessandro"]
[Black "Saccona, Silvano"]
[Result "1/2-1/2"]
[WhiteElo "1856"]
[BlackElo "2159"]
[PlyCount "96"]
[EventDate "2007.05.31"]

1. e4 c5 2. Nf3 Nc6 3. d4 cxd4 4. Nxd4 Nf6 5. Nc3 d6 6. Be2 e6 7. Be3 Be7 8.
O-O a6 9. f4 Qc7 10. g4 Nd7 11. f5 Nxd4 12. Bxd4 Bf6 13. fxe6 fxe6 14. Bxf6
Nxf6 15. Qd4 Qc5 16. Qxc5 dxc5 17. Rad1 Ke7 18. a4 Bd7 19. e5 Ne8 20. Ne4 Bxa4
21. Nxc5 Bc6 22. Bc4 Nc7 23. Rd6 Rhf8 24. Nxe6 Rxf1+ 25. Kxf1 Nxe6 26. Rxe6+
Kd7 27. Rd6+ Ke7 28. Rd4 a5 29. Rf4 Be8 30. Bd5 Rc8 31. c4 b5 32. b3 bxc4 33.
Bxc4 Rc5 34. e6 a4 35. bxa4 Bxa4 36. Rf7+ Ke8 37. Be2 Rg5 38. Ra7 Bb3 39. h4
Re5 40. Rxg7 h6 41. Rg6 Rxe6 42. Rxe6+ Bxe6 43. Kf2 Kf8 44. Kf3 Kg7 45. Kf4 Bb3
46. Kf5 Bc2+ 47. Ke5 Bb3 48. Bd3 Bd1 1/2-1/2